Schaum's outline of theory and problems of advanced Mathematics : (Record no. 7723)
[ view plain ]
| 000 -LEADER | |
|---|---|
| fixed length control field | 00777pam a2200253 i 4500 |
| 001 - CONTROL NUMBER | |
| control field | 7978 |
| 003 - CONTROL NUMBER IDENTIFIER | |
| control field | BD-DhUAP |
| 005 - DATE AND TIME OF LATEST TRANSACTION | |
| control field | 20210130152303.0 |
| 008 - FIXED-LENGTH DATA ELEMENTS--GENERAL INFORMATION | |
| fixed length control field | 201108s2000 nyua 001 0 eng |
| 020 ## - INTERNATIONAL STANDARD BOOK NUMBER | |
| International Standard Book Number | 0070990646 |
| 040 ## - CATALOGING SOURCE | |
| Original cataloging agency | DLC |
| Transcribing agency | DLC |
| Modifying agency | BD-DhUAP |
| 082 00 - DEWEY DECIMAL CLASSIFICATION NUMBER | |
| Classification number | 510 SPI |
| Edition number | 23 |
| 100 1# - MAIN ENTRY--PERSONAL NAME | |
| Personal name | Spiegel, Murray R. |
| 245 10 - TITLE STATEMENT | |
| Title | Schaum's outline of theory and problems of advanced Mathematics : |
| Remainder of title | for engineers and scientists / |
| Statement of responsibility, etc. | Murray R. Spiegel. |
| 250 ## - EDITION STATEMENT | |
| Edition statement | SI (Metric) edition. |
| 260 ## - PUBLICATION, DISTRIBUTION, ETC. | |
| Place of publication, distribution, etc. | Singapore : |
| Name of publisher, distributor, etc. | McGraw-Hill, |
| Date of publication, distribution, etc. | c1983. |
| 300 ## - PHYSICAL DESCRIPTION | |
| Extent | 407 pages : |
| Other physical details | illustrations ; |
| Dimensions | 24 cm. |
| 490 0# - SERIES STATEMENT | |
| Series statement | Schaum's outline series |
| 500 ## - GENERAL NOTE | |
| General note | Includes index. |
| 650 ## - SUBJECT ADDED ENTRY--TOPICAL TERM | |
| Topical term or geographic name entry element | Mathematics. |
| 650 ## - SUBJECT ADDED ENTRY--TOPICAL TERM | |
| Topical term or geographic name entry element | Engineering mathematics. |
| 650 ## - SUBJECT ADDED ENTRY--TOPICAL TERM | |
| Topical term or geographic name entry element | Mathematical physics. |
| 942 ## - ADDED ENTRY ELEMENTS (KOHA) | |
| Source of classification or shelving scheme | |
| Koha item type | Book |
| Withdrawn status | Lost status | Source of classification or shelving scheme | Damaged status | Not for loan | Permanent Location | Current Location | Shelving location | Date acquired | Full call number | Barcode | Date last seen | Copy number | Price effective from | Koha item type |
|---|---|---|---|---|---|---|---|---|---|---|---|---|---|---|
| UAP Central Library | UAP Central Library | Reserve Stacks | 2021-01-30 | 510 SPI | 3010007978 | 2021-01-30 | 1 | 2021-01-30 | Book | |||||
| UAP Central Library | UAP Central Library | Reserve Stacks | 2021-01-30 | 510 SPI | 3010007980 | 2021-01-30 | 2 | 2021-01-30 | Book | |||||
| UAP Central Library | UAP Central Library | Reserve Stacks | 2021-01-30 | 510 SPI | 3010007986 | 2021-01-30 | 3 | 2021-01-30 | Book | |||||
| UAP Central Library | UAP Central Library | Reserve Stacks | 2021-01-30 | 510 SPI | 3010007975 | 2021-01-30 | 4 | 2021-01-30 | Book | |||||
| UAP Central Library | UAP Central Library | Reserve Stacks | 2021-01-30 | 510 SPI | 3010007973 | 2021-01-30 | 5 | 2021-01-30 | Book | |||||
| UAP Central Library | UAP Central Library | Reserve Stacks | 2021-01-30 | 510 SPI | 3010007976 | 2021-01-30 | 6 | 2021-01-30 | Book | |||||
| UAP Central Library | UAP Central Library | Reserve Stacks | 2021-01-30 | 510 SPI | 3010007983 | 2021-01-30 | 7 | 2021-01-30 | Book | |||||
| UAP Central Library | UAP Central Library | Reserve Stacks | 2021-01-30 | 510 SPI | 3010007985 | 2021-01-30 | 8 | 2021-01-30 | Book | |||||
| UAP Central Library | UAP Central Library | Reserve Stacks | 2021-01-30 | 510 SPI | 3010007984 | 2021-01-30 | 9 | 2021-01-30 | Book | |||||
| UAP Central Library | UAP Central Library | Reserve Stacks | 2021-01-30 | 510 SPI | 3010007981 | 2021-01-30 | 10 | 2021-01-30 | Book | |||||
| UAP Central Library | UAP Central Library | Reserve Stacks | 2021-01-30 | 510 SPI | 3010007977 | 2021-01-30 | 11 | 2021-01-30 | Book | |||||
| UAP Central Library | UAP Central Library | Reserve Stacks | 2021-01-30 | 510 SPI | 3010007987 | 2021-01-30 | 12 | 2021-01-30 | Book | |||||
| UAP Central Library | UAP Central Library | Reserve Stacks | 2021-01-30 | 510 SPI | 3010007979 | 2021-01-30 | 13 | 2021-01-30 | Book | |||||
| UAP Central Library | UAP Central Library | Reserve Stacks | 2021-01-30 | 510 SPI | 3010007974 | 2021-01-30 | 14 | 2021-01-30 | Book | |||||
| UAP Central Library | UAP Central Library | Reserve Stacks | 2021-01-30 | 510 SPI | 3010007982 | 2021-01-30 | 15 | 2021-01-30 | Book |
Bengali Keyboard